[Event "Tourn. n9199"]
[Site "www.chess-mail.com"]
[Date "2017.03.06"]
[Round "1"]
[White "Osopanda"]
[Black "Guidom"]
[WhiteElo "2030"]
[BlackElo "2030"]
[Result "1/2-1/2"]
[Round "1"]
1.d4 d5
2.c4 e6
3.Nb1c3 Ng8f6
4.Bc1g5 Nb8d7
5.cxd5 exd5
6.Ng1f3 c6
7.e3 Bf8e7
8.Bf1d3 h6
9.Bg5f4 O-O
10.O-O Nd7b6
11.Qd1e2 Bc8g4
12.h3 Bg4h5
13.g4 Bh5g6
14.Bd3xg6 fxg6
15.Nf3e5 g5
16.Bf4g3 Nb6d7
17.Ne5g6 Rf8f7
18.Ra1e1 Nf6e4
19.Nc3xe4 dxe4
20.Ng6e5 Nd7xe5
21.Bg3xe5 Rf7f3
22.Be5g3 Be7d6
23.Kg2 Qd8c7
24.Bg3xd6 Qc7xd6
25.Qe2c4 Kh8
26.Re1e2 Ra8f8
27.Qc4c5 Qd6xc5
28.dxc5 Rf8d8
{ draw }
1/2-1/2

[Event "Match"]
[Site "www.echecsemail.com"]
[Date "2017.03.06"]
[Round "1"]
[White "Chapi"]
[Black "Sonfamen"]
[WhiteElo "2080"]
[BlackElo "1809"]
[Result "1-0"]
[Round "1"]
1.d4 Ng8f6
2.c4 c6
3.Nb1c3 e6
4.Bc1g5 Bf8e7
5.Ng1f3 Qd8b6
6.b3 O-O
7.e4 Be7b4
8.Qd1d3 Bb4xc3
9.Qd3xc3 Qb6d8
10.e5 Nf6e4
11.Bg5xd8 Ne4xc3
12.Bd8e7 Rf8e8
13.Be7b4 Nc3e4
14.Bf1d3 a5
15.Bb4a3 Ne4xf2
16.Kxf2  { time }
1-0

[Event "Match"]
[Site "www.echecsemail.com"]
[Date "2017.03.06"]
[Round "1"]
[White "Mrmoto"]
[Black "Coraza"]
[WhiteElo "1630"]
[BlackElo "1770"]
[Result "1-0"]
[Round "1"]
1.e4 e5
2.Ng1f3 Nb8c6
3.Bf1b5 Nc6d4
4.Nf3xd4 exd4
5.d3 c5
6.O-O h6
7.c3 Ng8f6
8.Rf1e1 Qd8c7
9.a3 Nf6g8
10.Qd1f3 Bf8d6
11.Bb5c4 f6
12.b4 Bd6xh2
13.Kf1 Bh2e5
14.Bc1b2 a6
15.Qf3g4 d5
16.Qg4h5 Kd8
17.Bc4xd5 Ng8e7
18.Bd5c4 b5
19.Bc4b3 a5
20.bxc5 Qc7xc5
21.f4 a4
22.Bb3a2 Be5xf4
23.Qh5xc5 h5
24.cxd4 Ke8
25.Qc5xb5 Bc8d7
26.Ba2f7 Kd8
27.Qb5c4 Ra8b8
28.Bb2c3 Ne7c6
29.d5 Nc6a7
30.Bc3a5 Ke7
31.Ba5b4 Kxf7
32.d6 Bd7e6
33.Qc4c7 Kg6
34.Qc7xa7 Bf4e5
35.d4 Rb8a8
36.Qa7c5 Rh8c8
37.Qc5xc8 Ra8xc8
38.dxe5 fxe5
39.Nb1d2 Rc8f8
40.Kg1 Rf8d8
41.Nd2f3 Be6g4
42.Nf3xe5 Kf6
43.Ne5xg4 hxg4
44.e5 Ke6
45.Ra1c1 g3
46.Rc1c6 g5
47.d7 Kxd7
48.Rc6g6 Rd8e8
49.Rg6xg5 Ke6
50.Rg5xg3 { resign }
1-0

[Event "Match"]
[Site "www.echecsemail.com"]
[Date "2017.03.06"]
[Round "1"]
[White "Raulazo"]
[Black "Ledzepp"]
[WhiteElo "1840"]
[BlackElo "1480"]
[Result "1-0"]
[Round "1"]
1.e4 e5
2.Ng1f3 Nb8c6
3.Nb1c3 Bf8c5
4.Bf1c4 Nc6a5
5.Bc4xf7 Kxf7
6.Nf3xe5 Ke6
7.d4 Bc5d6
8.Qd1g4 Ke7
9.Bc1g5 Ng8f6
10.Nc3d5 Ke8
11.Qg4f5 Rh8f8
12.Bg5xf6 gxf6
13.Qf5h5 Rf8f7
14.Qh5xf7 
1-0

[Event "Match"]
[Site "www.echecsemail.com"]
[Date "2017.03.06"]
[Round "1"]
[White "Coraza"]
[Black "Whitekknight"]
[WhiteElo "1790"]
[BlackElo "1920"]
[Result "0-1"]
[Round "1"]
1.e4 e5
2.Ng1f3 d6
3.Bf1c4 h6
4.c3 Nb8c6
5.Qd1b3 Qd8e7
6.h4 Nc6a5
7.Qb3a4 Na5c6
8.Bc4d5 Qe7d7
9.d4 Ng8f6
10.Bd5xc6 Qd7xc6
11.Qa4xc6 bxc6
12.dxe5 Nf6xe4
13.O-O Bc8g4
14.Nf3d4 c5
15.Nd4b5 Bg4e2
16.Rf1e1 Be2xb5
17.Re1xe4 O-O-O
18.c4 Bb5c6
19.Re4e1 dxe5
20.Nb1c3 f6
21.Bc1e3 Kb7
22.a4 a6
23.Ra1a3 Ka7
24.a5 e4
25.Be3f4 Bf8d6
26.Bf4e3 Rd8b8
27.b3 Rh8d8
28.g3 Bd6e7
29.Be3f4 Be7d6
30.Nc3xe4 Rd8e8
31.f3 Bd6xf4
32.gxf4 Bc6xe4
33.fxe4 Rb8d8
34.Ra3a2 Rd8d3
35.Ra2b2 Rd3h3
36.Kg2 Rh3xh4
37.Kg3 g5
38.fxg5 hxg5
39.Kf3 Rh4f4
40.Kg3 Rf4xe4
41.Re1f1 Re8f8
42.Kf3 Re4f4
43.Kg2 Rf4xf1
44.Kxf1 g4
45.Kg2 f5
46.b4 Rf8b8
47.b5 axb5
48.Rb2c2 b4
49.Kg3 Ka6
50.Kf4 Rb8f8
51.Rc2d2 Kxa5
52.Rd2a2 Kb6
53.Ra2d2 Rf8f7
54.Kg3 Rf7f6
55.Kf4 Kc6
56.Ke5 Rf6f8
57.Rd2d3 f4
58.Ke4 f3
59.Rd3d1 g3
60.Rd1h1 f2
61.Rh1h6 Kb7
{ resign }
0-1

[Event "Match"]
[Site "www.echecsemail.com"]
[Date "2017.03.06"]
[Round "1"]
[White "Raulazo"]
[Black "Fangshuo"]
[WhiteElo "1840"]
[BlackElo "2000"]
[Result "0-1"]
[Round "1"]
1.e4 c5
2.Bf1c4 e6
3.d4 cxd4
4.Ng1f3 e5
5.Nf3xe5 Qd8a5
6.Bc1d2 Qa5xe5
7.O-O Bf8d6
8.g3 Ng8f6
9.Bd2f4 Qe5e7
10.Rf1e1 Bd6e5
11.Bf4g5 O-O
12.Qd1f3 Nb8c6
13.a3 d6
14.Bg5xf6 Be5xf6
15.c3 Nc6e5
16.Qf3e2 Bc8g4
17.Qe2f1 Ne5f3
18.Kg2 Nf3xe1
19.Qf1xe1 h5
20.f3 Bg4e6
21.Bc4e2 dxc3
22.bxc3 Ra8c8
23.Be2d3 Rc8c6
24.Bd3b5 Rc6c5
25.a4 Rf8c8
26.Ra1a3 Qe7c7
27.Bb5d3 Bf6xc3
28.Qe1e3 Bc3b2
29.e5 Bb2xa3
30.Nb1xa3 dxe5
31.Qe3e4 f5
32.Qe4h4 Rc5c3
33.Na3b5 Rc3c2
34.Kh3 f4
35.g4 hxg4
36.fxg4 Be6xg4
37.Qh4xg4 Qc7b6
38.Bd3xc2 Qb6e3
39.Kh4 Qe3f2
40.Kg5 Qf2xc2
41.Nb5d6 Rc8f8
42.Nd6f5 Qc2xf5
{ resign }
0-1

[Event "Match"]
[Site "www.echecsemail.com"]
[Date "2017.03.06"]
[Round "1"]
[White "Silence"]
[Black "Chessghuttlu"]
[WhiteElo "1809"]
[BlackElo "1449"]
[Result "0-1"]
[Round "1"]
1.f4 e5
2.fxe5 d6
3.exd6 Bf8xd6
4.Ng1f3 g5
5.g3 Bc8g4
6.Bf1g2 Nb8c6
7.O-O Qd8d7
 { time }
0-1

[Event "1/64 Finale"]
[Site "www.chess-mail.com"]
[Date "2017.03.06"]
[Round "1"]
[White "Osopanda"]
[Black "Pdebonis"]
[WhiteElo "2050"]
[BlackElo "2390"]
[Result "0-1"]
[Round "1"]
1.d4 Ng8f6
2.c4 e6
3.Nb1c3 Bf8b4
4.f3 d5
5.e3 c5
6.cxd5 Nf6xd5
7.Bf1d3 Nd5xc3
8.bxc3 Bb4xc3
9.Bc1d2 Bc3xa1
10.Qd1xa1 cxd4
11.exd4 Nb8c6
12.Ng1e2 O-O
13.O-O b6
14.Bd3e4 Qd8d7
15.Rf1c1 Bc8b7
16.Ne2f4 Nc6e7
17.Be4xb7 Qd7xb7
18.Bd2c3 Ra8c8
19.d5 Ne7xd5
20.Nf4xd5 { time. }
0-1

[Event "Eq:Latinoamerica-Equipo Juan Diaz : "]
[Site "www.chess-mail.com"]
[Date "2017.03.06"]
[Round "1"]
[White "Bjonil60"]
[Black "Naujzaid"]
[WhiteElo "1430"]
[BlackElo "2080"]
[Result "0-1"]
[Round "1"]
1.Nb1c3 Ng8f6
2.e3 d5
3.a3 e6
4.h3 Bf8e7
5.g3 O-O
6.Qd1e2 c5
7.b3 Nb8c6
8.e4 Nc6d4
9.Qe2d3 b6
10.Ng1e2 Nd4c6
11.Ne2f4 d4
12.Nc3e2 Nc6e5
13.Qd3b5 a6
14.Qb5a4 b5
15.Qa4xb5 axb5
16.g4 Nf6xe4
17.d3 Ne5f3
18.Kd1 Ne4xf2

0-1

[Event "Tourn. n9243"]
[Site "www.chess-mail.com"]
[Date "2017.03.07"]
[Round "1"]
[White "Xkafi"]
[Black "Orhany24"]
[WhiteElo "2000"]
[BlackElo "2220"]
[Result "0-1"]
[Round "1"]
1.e4 e5
2.Qd1h5 Nb8c6
3.Bf1b5 Ng8f6
4.Qh5d1 d5
5.exd5 Nf6xd5
6.Qd1h5 Bf8d6
7.d4 O-O
8.Ng1f3 Nc6xd4
9.Nf3xd4 exd4
10.Qh5xd5 c6
11.Bb5xc6 bxc6
12.Qd5xd4 c5
13.Qd4d5 Bc8e6
14.Qd5h5 Qd8d7
15.O-O Be6g4
16.Qh5g5 h6
17.Qg5e3 Rf8e8
18.Qe3c3 Qd7e6
19.Bc1e3 Qe6g6
20.Kh1 Qg6h5
21.h3 Bg4xh3
22.Kg1 Bh3g4
23.g3 Bg4f3
{ resign }
0-1

[Event "Tourn. n9064"]
[Site "www.chess-mail.com"]
[Date "2017.03.07"]
[Round "1"]
[White "Amaya"]
[Black "Julian"]
[WhiteElo "2100"]
[BlackElo "1880"]
[Result "1-0"]
[Round "1"]
1.Ng1f3 Ng8f6
2.g3 d6
3.Bf1g2 e5
4.d3 c6
5.O-O h6
6.h3 Bc8e6
7.g4 Bf8e7
8.c4 O-O
9.Nf3h4 Nb8d7
10.f4 exf4
11.Bc1xf4 g5
12.Bf4xg5 hxg5
13.Nh4f5 Be6xf5
14.Rf1xf5 Nf6h7
15.Bg2e4 Nd7f6
16.Nb1d2 Nf6xe4
17.Nd2xe4 d5
18.cxd5 cxd5
19.Ne4c3 Be7c5
20.d4 Bc5b6
21.Nc3xd5 Ra8c8
22.Qd1b3 Bb6xd4
23.Kf1 Qd8d6
24.Qb3f3 f6
25.Ra1d1 Bd4b6
26.Qf3b3 Kg7
27.Nd5f4 Qd6xf4
28.Rf5xf4 gxf4
29.Qb3b5 Rc8c6
30.Qb5h5 Nh7g5
31.Rd1d7 Rf8f7
32.Rd7xf7 Ng5xf7
33.Qh5d5 Rc6d6
34.Qd5xb7 Kg6
35.Qb7e4 Kh6
36.Qe4xf4 Kg6
37.Ke1 Rd6d4
38.Qf4f5 Kg7
39.h4 Nf7h6
40.Qf5c8 Rd4xg4
41.h5 f5
42.Qc8d7 Nh6f7
43.h6 Kg6
44.Qd7e6 Kh7
45.Qe6xf5 Rg4g6
46.Qf5xf7 Kxh6
47.Qf7f8 Kh5
48.e4 Rg6g3
49.Qf8f5 Rg3g5
50.Qf5h3 Kg6
51.Ke2 Rg5c5
52.Qh3d3 Kf6
53.Kf3 Ke5
54.b4 { resign }
1-0

[Event "Tourn. n9242"]
[Site "www.chess-mail.com"]
[Date "2017.03.07"]
[Round "1"]
[White "Bojan"]
[Black "Xkafi"]
[WhiteElo "2030"]
[BlackElo "2000"]
[Result "0-1"]
[Round "1"]
1.e4 e5
2.Ng1f3 Qd8f6
3.c4 Bf8c5
4.b3 d6
5.d3 Bc8g4
6.Bf1e2 h6
7.Nb1d2 Nb8c6
8.Bc1b2 Ng8e7
9.h3 Bg4h5
10.Nd2f1 Bh5xf3
11.Be2xf3 Nc6d4
12.Nf1h2 Ne7g6
13.Nh2g4 Qf6h4
14.g3 Qh4e7
15.Bf3g2 f5
16.exf5 Nd4xf5
17.Bg2xb7 Ra8b8
18.Bb7c6 Kd8
19.Kd2 h5
20.Ng4h2 Bc5xf2
21.Qd1f3 Qe7g5
22.Kd1 Bf2xg3
23.Rh1g1 Nf5e3
24.Kd2 Ne3f1
25.Kc2 Qg5d2
26.Kb1 Qd2e1
27.Bb2c1 Nf1d2
28.Kb2 Qe1xg1
29.Bc1xd2 Qg1xh2
30.Kc3 Qh2xh3
31.Qf3f7 Ng6e7
32.Bd2g5 Bg3h4
33.Qf7xe7 Kc8
34.Bg5xh4 Rb8b6
35.Bc6d5 Kb8
36.Qe7xg7 Rh8c8
37.Ra1h1 Qh3e3
38.Rh1e1 Qe3d4
39.Kc2 Qd4xh4
40.Re1f1 c6
41.Bd5g2 Rb6b7
42.Qg7g6 Qh4h2
43.Rf1h1 Qh2f4
44.Qg6xd6 Rb7c7
45.Bg2xc6 Qf4f2
46.Kb1 Qf2b6
47.Rh1xh5 Qb6xc6
48.Qd6xe5 Rc8e8
49.Qe5h2 a6
50.Qh2f2 Rc7d7
51.Qf2d2 Qc6g6
52.Rh5h3 Qg6f5
53.Rh3g3 Qf5f1
54.Kc2 Re8e2
{ resign }
0-1

[Event "Tourn. n9111"]
[Site "www.chess-mail.com"]
[Date "2017.03.07"]
[Round "1"]
[White "Abuelo"]
[Black "B0zata"]
[WhiteElo "2170"]
[BlackElo "2190"]
[Result "1/2-1/2"]
[Round "1"]
1.e4 d5
2.exd5 Qd8xd5
3.Nb1c3 Qd5e5
4.Bf1e2 Bc8g4
5.h3 Bg4h5
6.d3 Ng8f6
7.Bc1e3 Bh5xe2
8.Ng1xe2 e6
9.a3 Bf8c5
10.d4 Bc5xd4
11.Be3xd4 Qe5g5
12.Bd4xf6 Qg5xf6
13.O-O O-O
14.Ra1b1 a6
15.Nc3e4 Qf6e5
16.Ne2c3 Nb8c6
17.Rf1e1 Ra8d8
18.Qd1f3 Nc6d4
19.Qf3g3 Qe5xg3
20.Ne4xg3 Nd4xc2
21.Re1d1 Nc2d4
22.f3 f5
23.Ng3h5 e5
24.Rd1e1 Rf8e8
25.Rb1d1 Kf7
26.Nh5g3 g6
27.Ng3e2 Nd4c2
28.Rd1xd8 Re8xd8
29.Re1d1 Rd8xd1
30.Nc3xd1 Ke6
31.Kf2 c5
32.Nd1e3 Nc2d4
33.Ne2xd4 exd4
34.Ne3c4 b5
35.Nc4d2 Kd5
36.Ke2 c4
37.Nd2b1 a5
38.g3 b4
39.h4 h6
40.f4 Ke4
41.Nb1d2 Kd5
42.a4 c3
43.bxc3 dxc3
44.Nd2b3 Kc4
45.Nb3xa5 Kd4
46.Na5b3 Kc4
47.Nb3c1 b3
48.Kd1 Kb4
49.a5 b2
50.Nc1d3 Kb3
51.Nd3c1 Kb4
52.Nc1d3 Kb3
53.Nd3c1 Kb4
54.Nc1d3 { draw }
1/2-1/2

[Event "Tourn. n9248"]
[Site "www.chess-mail.com"]
[Date "2017.03.07"]
[Round "1"]
[White "Cal"]
[Black "Caspito"]
[WhiteElo "1710"]
[BlackElo "1870"]
[Result "0-1"]
[Round "1"]
1.c4 e5
2.e4 Bf8c5
3.Ng1f3 Qd8e7
4.Nb1c3 Ng8f6
5.a3 Nf6g4
6.d4 exd4
7.Nc3d5 Qe7xe4
8.Bf1e2 Ng4xf2
9.Kxf2 d3
10.Bc1e3 Bc5xe3
11.Nd5xe3 dxe2
12.Kxe2 O-O
13.b4 d6
14.h3 Rf8e8
15.Rh1e1 Kf8
16.Kf2 Qe4c6
17.Qd1d4 Nb8d7
18.Kg1 b5
19.cxb5 Qc6xb5
20.a4 Qb5b6
21.Qd4d3 Bc8b7
22.Qd3xh7 Re8xe3
23.Qh7h8 Ke7
24.Qh8h4 f6
25.Re1xe3 Qb6xe3
26.Kh2 Bb7xf3
27.Ra1e1 Bf3e2
28.a5 Nd7e5
29.b5 a6
30.b6 cxb6
31.axb6 Ra8b8
32.Qh4b4 Qe3f2
33.Qb4b1 Ne5f3
34.Kh1 Nf3xe1
35.Qb1g6 Qf2xg2
36.Qg6xg2 Ne1xg2
37.Kxg2 a5
{ resign }
0-1

[Event "Tourn. n9215"]
[Site "www.chess-mail.com"]
[Date "2017.03.07"]
[Round "1"]
[White "Paulsyd"]
[Black "Pinehill"]
[WhiteElo "1949"]
[BlackElo "2090"]
[Result "1-0"]
[Round "1"]
1.e4 d5
2.exd5 Ng8f6
3.c4 e6
4.dxe6 Bc8xe6
5.d4 Bf8b4
6.Bc1d2 Qd8e7
7.Bf1e2 Be6xc4
8.Qd1a4 Nb8c6
9.Bd2xb4 Qe7xb4
10.Qa4xb4 Nc6xb4
11.Be2xc4 Nb4c2
12.Kd2 Nc2xa1
13.Nb1c3 O-O
14.Ng1f3 Nf6g4
15.Rh1xa1 Ra8d8
16.Ra1e1 Ng4xf2
17.Re1e7 Nf2g4
18.Re7xc7 Rd8b8
19.Nc3b5 a6
20.Nb5d6 b5
21.Bc4xf7 Kh8
22.Nf3g5 Rb8b6
23.Bf7b3 Rb6xd6
24.Ng5f7 { resign }
1-0

[Event "Tourn. n9189"]
[Site "www.chess-mail.com"]
[Date "2017.03.07"]
[Round "1"]
[White "Picifarkinca"]
[Black "Albertf"]
[WhiteElo "1820"]
[BlackElo "1810"]
[Result "1-0"]
[Round "1"]
1.e4 e5
2.Ng1f3 Nb8c6
3.Bf1b5 Ng8f6
4.O-O Bf8c5
5.Bb5xc6 dxc6
6.d3 Bc8g4
7.h3 Bg4xf3
8.Qd1xf3 O-O
9.Bc1g5 Bc5e7
10.Nb1d2 h6
11.Bg5e3 a6
12.Qf3g3 Kh8
13.f4 exf4
14.Qg3xf4 Nf6h5
15.Qf4f3 Nh5f6
16.Kh1 b6
17.d4 Qd8e8
18.c4 Be7b4
19.e5 Nf6d7
20.Nd2e4 Bb4e7
21.Ra1e1 a5
22.Qf3h5 f6
23.Qh5xe8 Ra8xe8
24.e6 Nd7b8
25.d5 cxd5
26.cxd5 Re8d8
27.Re1d1 Nb8a6
28.a3 Na6c5
29.Ne4c3 Nc5b7
30.Nc3b5 Be7d6
31.Nb5xd6 { resign }
1-0

[Event "Tourn. n9197"]
[Site "www.chess-mail.com"]
[Date "2017.03.07"]
[Round "1"]
[White "Conde7"]
[Black "Jazzy"]
[WhiteElo "2900"]
[BlackElo "2379"]
[Result "1-0"]
[Round "1"]
1.e4 e5
2.Ng1f3 Nb8c6
3.Bf1b5 d6
4.O-O Bc8d7
5.c3 Ng8f6
6.d4 Bf8e7
7.Rf1e1 O-O
8.Bb5a4 Bd7g4
9.Ba4xc6 bxc6
10.dxe5 Bg4xf3
11.Qd1xf3 dxe5
12.Nb1d2 Qd8d7
13.Qf3f5 Be7d6
14.Qf5xd7 Nf6xd7
15.Nd2c4 Nd7f6
16.Bc1g5 Nf6e8
17.Nc4a5 f6
18.Bg5e3 c5
19.Ra1d1 f5
20.exf5 Rf8xf5
21.Be3c1 Rf5f7
22.Na5c4 a5
23.g3 Ra8a6
24.f4 { resign }
1-0

[Event "Tourn. n9228"]
[Site "www.chess-mail.com"]
[Date "2017.03.07"]
[Round "1"]
[White "Sonfamen"]
[Black "Libiesse"]
[WhiteElo "1809"]
[BlackElo "1780"]
[Result "0-1"]
[Round "1"]
1.d4 d5
2.Nb1c3 e6
3.Ng1f3 Ng8f6
4.Bc1f4 c6
5.Qd1d3 Bf8b4
6.O-O-O Qd8a5
7.a3 Bb4xc3
8.Qd3xc3 Qa5xc3
9.bxc3 Nf6e4
10.Bf4g3 Ne4xc3
11.Rd1d3 Nc3e4
12.h4 Ne4xg3
 { time }
0-1

[Event "Tourn. n9264"]
[Site "www.chess-mail.com"]
[Date "2017.03.07"]
[Round "1"]
[White "Paulsyd"]
[Black "Bojan"]
[WhiteElo "2049"]
[BlackElo "2000"]
[Result "1-0"]
[Round "1"]
1.e4 e5
2.Ng1f3 Nb8c6
3.Bf1b5 Qd8f6
4.Nb1c3 Ng8e7
5.O-O a6
6.Bb5a4 b5
7.Ba4b3 Nc6a5
8.d4 exd4
9.Nc3d5 Ne7xd5
10.exd5 Na5xb3
11.Bc1g5 Qf6d6
12.Rf1e1 Bf8e7
13.Bg5xe7 Qd6xe7
14.Re1xe7 Kxe7
15.cxb3 Rh8e8
16.Qd1c2 Bc8b7
17.Qc2xc7 Ra8c8
18.Qc7xb7 Rc8a8
19.Ra1e1 Kf8
20.Re1xe8 Ra8xe8
21.Qb7xd7 Re8e7
22.Qd7c6 g5
23.Qc6c5 g4
24.Nf3xd4 Ke8
25.Qc5c8 { resign }
1-0

[Event "Tourn. n9209"]
[Site "www.chess-mail.com"]
[Date "2017.03.07"]
[Round "1"]
[White "Cal"]
[Black "Vasylpuzanov"]
[WhiteElo "1640"]
[BlackElo "1500"]
[Result "1-0"]
[Round "1"]
1.Nb1c3 d5
2.d4 Ng8f6
3.h3 Bc8f5
4.Bc1g5 e6
5.a3 Bf8e7
6.b4 Nb8d7
7.Ng1f3 O-O
8.e3 h6
9.Bg5h4 a6
10.Bf1d3 Bf5xd3
11.cxd3 Rf8e8
12.Bh4xf6 Nd7xf6
13.O-O Be7d6
14.Nf3h4 Qd8e7
15.f4 c6
16.Nc3e2 a5
17.bxa5 Bd6xa3
18.Qd1d2 Nf6d7
19.Rf1f3 Ba3b4
20.Qd2c2 Bb4xa5
{ time. }
1-0

[Event "Tourn. n9233"]
[Site "www.chess-mail.com"]
[Date "2017.03.07"]
[Round "1"]
[White "Witkapje"]
[Black "Nimzo"]
[WhiteElo "2829"]
[BlackElo "2650"]
[Result "1/2-1/2"]
[Round "1"]
1.e4 e5
2.Nb1c3 Ng8f6
3.Ng1f3 Nb8c6
4.Bf1b5 Bf8b4
5.O-O O-O
6.d3 d6
7.Bc1g5 Nc6e7
8.Bg5xf6 gxf6
9.d4 c6
10.Bb5d3 Bc8g4
11.h3 Bg4h5
12.g4 Bh5g6
13.Nc3e2 d5
14.Ne2g3 exd4
15.Nf3xd4 Bb4d6
16.Nd4f5 Bg6xf5
17.exf5 Bd6xg3
18.fxg3 c5
19.Qd1d2 c4
20.Bd3e2 Qd8b6
21.Kg2 d4
22.Be2f3 Ra8d8
23.Qd2h6 d3
{ draw }
1/2-1/2

[Event "Tourn. n9260"]
[Site "www.chess-mail.com"]
[Date "2017.03.07"]
[Round "1"]
[White "Vasylpuzanov"]
[Black "Cal"]
[WhiteElo "1640"]
[BlackElo "1680"]
[Result "0-1"]
[Round "1"]
1.e4 e5
2.f4 exf4
3.Ng1f3 d6
4.d4 a6
5.Bc1xf4 h6
6.Bf1c4 b5
7.Bc4b3 Ng8f6
8.Nb1d2 { time. }
0-1

[Event "Tourn. n9154"]
[Site "www.chess-mail.com"]
[Date "2017.03.07"]
[Round "1"]
[White "Cernunnoss"]
[Black "Osopanda"]
[WhiteElo "1870"]
[BlackElo "1990"]
[Result "1-0"]
[Round "1"]
1.e4 c5
2.Ng1f3 Nb8c6
3.Bf1b5 Nc6d4
4.Nf3xd4 cxd4
5.O-O a6
6.Bb5c4 e6
7.d3 b5
8.Bc4b3 d6
9.f4 Ng8e7
10.Nb1d2 Bc8b7
11.f5 d5
12.fxe6 fxe6
13.Qd1f3 Qd8d6
14.Qf3f7 Kd7
15.exd5 Bb7xd5
16.Nd2e4 Bd5xe4
17.dxe4 e5
18.c3 Ra8e8
19.a4 dxc3
20.Rf1d1 Qd6xd1
21.Bb3xd1 cxb2
22.Bc1xb2 Re8d8
23.Bd1g4 Kc6
24.axb5 axb5
25.Qf7e6 Kb7
26.Qe6a6 Kc7
27.Bb2xe5 { resign }
1-0

[Event "Tourn. n9040"]
[Site "www.chess-mail.com"]
[Date "2017.03.07"]
[Round "1"]
[White "Azulmarino"]
[Black "Redapond1"]
[WhiteElo "1610"]
[BlackElo "1499"]
[Result "0-1"]
[Round "1"]
1.e4 e5
2.Ng1f3 Nb8c6
3.Bf1c4 h6
4.Nb1c3 Ng8f6
5.h3 Bf8b4
6.a3 Bb4xc3
7.dxc3 d6
8.b4 O-O
9.Bc1e3 Nf6xe4
10.Qd1d3 Ne4f6
11.b5 Nc6e7
12.Ra1d1 Bc8f5
13.Qd3e2 Nf6e4
14.Be3xh6 gxh6
15.g4 Bf5g6
16.Bc4d3 Ne4xc3
17.Qe2d2 Nc3xd1
18.Qd2xd1 Qd8d7
19.O-O Qd7e6
20.Nf3h4 e4
21.Rf1e1 Qe6f6
22.Nh4xg6 Ne7xg6
23.Bd3xe4 Ng6f4
24.Be4xb7 Nf4xh3
25.Kh2 Nh3xf2
26.Qd1e2 Ra8b8
27.Bb7f3 Qf6h4
28.Kg1 Nf2h3
29.Kf1 Rf8e8
30.Qe2d2 Re8xe1
31.Qd2xe1 Qh4xe1
32.Kxe1 Rb8xb5
33.Bf3c6 Rb5c5
34.Bc6a4 Rc5a5
35.Ba4d7 Ra5xa3
36.Kd2 a5
37.c3 Nh3f2
38.Kc2 Nf2xg4
39.Bd7xg4 Kg7
40.Kb2 Ra3a4
41.Bg4d7 h5
42.Bd7xa4 Kg6
43.Ba4b3 f5
44.Kc2 h4
45.Bb3d5 h3
46.Kd3 Kg5
47.c4 Kg4
48.Bd5c6 f4
49.Ke2 h2
50.Bc6f3 Kg3
51.Bf3e4 a4
52.Be4d5 a3
53.c5 dxc5
54.Kd2 a2
55.Bd5xa2 h1Q
56.Ba2c4 Qh1g2
57.Kc3 f3
58.Bc4d5 f2
59.Bd5xg2 Kxg2
60.Kc4 f1Q
61.Kxc5 Qf1a6
62.Kd5 Kf3
63.Kc5 Qa6d6
64.Kc4 Qd6e5
65.Kd3 Qe5e4
66.Kc3 c5
67.Kd2 Qe4c4
68.Ke1 Qc4e2
{ resign }
0-1

[Event "Match"]
[Site "www.echecsemail.com"]
[Date "2017.03.07"]
[Round "1"]
[White "Pare123"]
[Black "Ztornad"]
[WhiteElo "2080"]
[BlackElo "1720"]
[Result "1-0"]
[Round "1"]
1.c4 Nb8c6
2.Nb1c3 g6
3.e3 Bf8g7
4.d4 e6
5.Bf1e2 b6
6.Be2f3 Bc8b7
7.a3 Ng8f6
8.Ng1e2 O-O
9.O-O Ra8b8
10.b4 d5
11.c5 Rb8a8
12.b5 Nc6a5
13.c6 Bb7c8
14.a4 Rf8e8
15.Bc1a3 Bg7f8
16.Ne2f4 Bf8xa3
17.Ra1xa3 Na5c4
18.Ra3a2  { time }
1-0

[Event "Match"]
[Site "www.echecsemail.com"]
[Date "2017.03.07"]
[Round "1"]
[White "Raulazo"]
[Black "Irene"]
[WhiteElo "1830"]
[BlackElo "2150"]
[Result "0-1"]
[Round "1"]
1.e4 e5
2.Ng1f3 Nb8c6
3.Bf1c4 Ng8f6
4.Bc4xf7 Kxf7
5.Nf3g5 Kg8
6.c3 h6
7.Qd1b3 d5
8.Ng5f3 Nf6xe4
9.d3 Ne4c5
10.Qb3d1 Bc8f5
11.O-O Bf5xd3
12.Rf1e1 e4
13.Nf3d2 Bd3b5
14.a4 Bb5a6
15.b4 Nc5d3
16.Re1e3 Qd8h4
17.g3 Qh4f6
18.f4 Nc6xb4
19.Bc1a3 d4
20.Re3xe4 dxc3
21.Qd1b3 Kh7
22.Re4e6 Qf6d4
23.Kh1 c2
24.Ba3xb4 c1Q
25.Kg2 Nd3xf4
26.gxf4 Qc1g1
27.Kh3 Ba6f1
28.Nd2xf1 Qg1xf1
{ resign }
0-1

[Event "Match"]
[Site "www.echecsemail.com"]
[Date "2017.03.07"]
[Round "1"]
[White "Paco"]
[Black "Ztornad"]
[WhiteElo "1890"]
[BlackElo "1730"]
[Result "1-0"]
[Round "1"]
1.e4 e5
2.Ng1f3 d6
3.Bf1c4 Bc8e6
4.Bc4xe6 fxe6
5.d3 h6
6.Nb1c3 c6
7.O-O Ng8f6
8.Nc3a4 b5
9.Na4c3 d5
10.Nf3xe5 h5
11.Ne5g6 Rh8h7
12.Ng6f4 Qd8d7
13.e5 Nf6g4
14.d4 c5
15.f3 Ng4h6
16.Nf4xh5 Nb8c6
17.Qd1d3 Nh6f5
18.g4 c4
19.Qd3d2 Nf5xd4
20.Nc3e2 Bf8c5
21.Kh1 Qd7f7
22.Kg2 O-O-O
23.c3 Nd4xe2
24.Qd2xe2 a6
25.a4 b4
26.Qe2c2 g6
27.Nh5f6 Rh7h8
28.cxb4 Nc6d4
29.Qc2d1 Nd4c6
30.bxc5 Nc6xe5
31.Bc1g5 Qf7c7
32.Qd1d4 Ne5c6
33.Qd4f4 e5
34.Qf4d2 d4
35.Qd2c2 e4
36.f4 Nc6e5
37.Nf6xe4  { time }
1-0

[Event "Match"]
[Site "www.echecsemail.com"]
[Date "2017.03.07"]
[Round "1"]
[White "Mrjordan"]
[Black "Griffo30"]
[WhiteElo "1619"]
[BlackElo "1499"]
[Result "1/2-1/2"]
[Round "1"]
1.h3 d5
2.d4 Ng8f6
3.f3 e6
4.Bc1g5 Bf8e7
5.Bg5xf6 Be7xf6
6.e4 dxe4
7.fxe4 Bf6h4
8.Ke2 Nb8c6
9.Ng1f3 Bh4e7
10.g3 { draw }
1/2-1/2

[Event "Match"]
[Site "www.echecsemail.com"]
[Date "2017.03.07"]
[Round "1"]
[White "Guidom"]
[Black "Curtis73"]
[WhiteElo "2110"]
[BlackElo "1859"]
[Result "0-1"]
[Round "1"]
1.e4 e5
2.Ng1f3 Ng8f6
3.Nb1c3 Nb8c6
4.Bf1c4 Bf8c5
5.d3 h6
6.O-O O-O
7.Bc1e3 Bc5b6
8.h3 d6
9.a3 Bc8e6
10.Nc3d5 Nc6a5
11.Be3xb6 axb6
12.Bc4a2 c5
13.Qd1d2 Na5c6
14.c3 Be6xd5
15.exd5 Nc6e7
16.c4 Ne7g6
17.Ra1e1 Ng6f4
{ resign }
0-1

[Event "Match"]
[Site "www.echecsemail.com"]
[Date "2017.03.07"]
[Round "1"]
[White "Darknight"]
[Black "Whitekknight"]
[WhiteElo "1730"]
[BlackElo "1910"]
[Result "1-0"]
[Round "1"]
1.e4 e5
2.Bf1c4 Ng8f6
3.d3 h6
4.h3 Bf8c5
5.a3 Nb8c6
6.c3 O-O
7.g4 Nf6h7
8.h4 Qd8f6
9.Ng1f3 d6
10.g5 hxg5
11.hxg5 Qf6g6
12.Nf3h4 { resign }
1-0

[Event "Match"]
[Site "www.echecsemail.com"]
[Date "2017.03.07"]
[Round "1"]
[White "Liencam2"]
[Black "Coraza"]
[WhiteElo "2360"]
[BlackElo "1770"]
[Result "1-0"]
[Round "1"]
1.e4 e5
2.Ng1f3 Nb8c6
3.d4 Ng8f6
4.dxe5 Nf6xe4
5.Bf1c4 h6
6.Qd1d5 Ne4g5
7.Bc1xg5 hxg5
8.Qd5xf7 { resign }
1-0

[Event "Match"]
[Site "www.echecsemail.com"]
[Date "2017.03.07"]
[Round "1"]
[White "Sozaro"]
[Black "Mrmoto"]
[WhiteElo "1699"]
[BlackElo "1650"]
[Result "1-0"]
[Round "1"]
1.d4 d5
2.c4 dxc4
3.e4 Nb8c6
4.d5 Nc6e5
5.Ng1f3 Bc8g4
6.Nb1c3 Qd8d6
7.Bf1xc4 Ne5xc4
8.Qd1a4 Bg4d7
9.Qa4xc4 a6
10.e5 Qd6g6
11.O-O b5
12.Qc4xc7 e6
13.d6 f6
14.Qc7b7 Ra8d8
15.Bc1e3 Bf8xd6
16.Ra1d1 Bd6xe5
17.Be3b6 Ke7
18.Nf3xe5 Qg6e8
19.Bb6c5 
1-0

[Event "Eq:Tigers of Istanbul-Equipo Juan Diaz : "]
[Site "www.chess-mail.com"]
[Date "2017.03.07"]
[Round "1"]
[White "Geretree"]
[Black "Naujzaid"]
[WhiteElo "1860"]
[BlackElo "2090"]
[Result "1/2-1/2"]
[Round "1"]
1.e4 c5
2.Ng1f3 d6
3.Bf1c4 e6
4.Nb1c3 Ng8f6
5.d3 Bf8e7
6.Bc4b5 Bc8d7
7.e5 dxe5
8.Nf3xe5 Bd7xb5
9.Nc3xb5 O-O
10.O-O a6
11.Nb5c3 Qd8c7
12.Bc1f4 Be7d6
13.Rf1e1 Nb8c6
14.Ne5xc6 Qc7xc6
15.Bf4xd6 Qc6xd6
16.Qd1f3 b5
17.Nc3e4 Nf6xe4
18.Qf3xe4 Qd6d4
19.Qe4xd4 cxd4
20.b4 Ra8c8
21.Re1e2 Rc8c3
22.f4 Rf8c8
23.a4 g6
24.axb5 axb5
25.Ra1a2 Kg7
{ draw }
1/2-1/2

[Event "Tourn. n9161"]
[Site "www.chess-mail.com"]
[Date "2017.03.08"]
[Round "1"]
[White "Guidom"]
[Black "Falcoale"]
[WhiteElo "2090"]
[BlackElo "1880"]
[Result "1/2-1/2"]
[Round "1"]
1.e4 c5
2.Ng1f3 Nb8c6
3.c4 e6
4.Nb1c3 a6
5.d3 Nc6d4
6.Nf3xd4 cxd4
7.Nc3e2 e5
8.Ne2g3 Ng8f6
9.Bf1e2 Bf8c5
10.O-O O-O
11.f4 d6
12.f5 Bc8d7
13.a3 b5
14.b3 bxc4
15.bxc4 a5
16.Bc1g5 h6
17.Bg5xf6 Qd8xf6
18.Qd1d2 Rf8b8
19.Qd2c2 Rb8b6
20.Rf1b1 Ra8b8
21.Ng3f1 a4
22.Nf1d2 Qf6g5
23.Nd2f1 g6
24.fxg6 fxg6
25.Rb1xb6 Rb8xb6
26.Be2d1 h5
27.Qc2f2 Rb6b8
28.h4 Qg5e7
29.Qf2g3 Qe7f6
30.Bd1xh5 Kh7
31.Bh5d1 Kg7
32.h5 g5
33.Nf1d2 Kh6
34.Nd2f3 Rb8f8
35.Qg3e1 Bd7g4
36.Qe1a5 Bg4xf3
37.Bd1xf3 Qf6f4
38.Qa5e1 g4
39.Bf3e2 g3
40.Be2f3 Qf4h4
41.Kf1 Rf8b8
42.Qe1d2 Qh4g5
43.Qd2c2 Rb8b3
44.Qc2d1 Qg5e3
45.Qd1e2 Qe3xd3
46.Qe2xd3 Rb3xd3
47.Bf3d1 Rd3xa3
48.Ra1xa3 Bc5xa3
49.Bd1xa4 Kxh5
50.Ke2 Kg5
51.Kf3 Kh4
52.Ba4c2 Ba3c1
53.Bc2d3 Bc1f4
54.Bd3f1 Kg5
55.Bf1d3 Kf6
56.Kg4 Ke7
57.Kf5 Kd7
58.Kf6 Kc7
59.Ke7 Bf4g5
60.Ke6 Bg5f4
61.Kd5 Kd7
62.Bd3e2 Ke7
63.Be2d3 Bf4g5
64.c5 dxc5
65.Kxe5 Bg5f4
66.Kd5 Bf4d6
67.e5 Bd6b8
68.Kxc5 Bb8xe5
69.Kd5 Be5h8
70.Bd3e4 Bh8f6
71.Kc4 Kf7
72.Kd3 Ke6
73.Be4f3 { draw }
1/2-1/2